000 00710nam a2200265 i 4500
001 C2-0221848
003 PPAK
005 20180728151237.0
008 991123s1997 my a|||| ||||| | may d
020 _a9831210077
040 _aPPAK
_beng
_cPPAK
_erda
082 0 4 _a738.12
_223
090 0 0 _a738.12
_bROS
_dK
100 0 _aRoslinda H.,
_eauthor
245 1 0 _aBingkai kaca
264 1 _aKuala Lumpur :
_bPenerbitan Seri Ilmu ,
_c1997
300 _a47 pages :
_bcolour illustrations ;
_c25 cm
336 _2rdacontent
_atext
337 _2rdamedia
_aunmediated
338 _2rdacarrier
_avolume
490 1 _aSiri Seni Kreatif
650 1 0 _aPottery
830 0 _aSiri Seni Kreatif
942 _ddc
_cB
999 _c143346
_d143346